000 00846nam a2200217Ia 4500
003 OSt
005 20260122193344.0
007 ca aa aaaaa
008 201103s9999 xx 000 0 und d
040 _cSSBUL
041 _abur
082 _a၂၉၄.၃၄၃၅၀၉
_bဝါ
100 _a ဝါသေဋ္ဌ၊ ဘဒ္ဒန္တ
_917321
245 1 0 _aရွှေဘုန်းပွင့်ဘုရားသမိုင်း /
_cဘဒ္ဒန္တဝါသေဋ္ဌ။
260 _aရန်ကုန် ၊
_bမိခင်ဧရာဝတီစာအုပ်တိုက်၊
_c၂၀၀၅။
300 _a၁၅၆ စာမျက်နှာ ၊
_bဓါတ်ပုံများ ၊
_c၂၁ စင်တီ။
500 _aS-SAT: Dr. Prof Sai Aung Tun
942 _cBK1
942 _2ddc
942 _2ddc
999 _c16701
_d16701